000 00309nam a22001337a 4500
082 _a894.812
_bKAI/H
100 _aCHEIRO
245 _aHASTHAREKHASHASTRAMSECOND EDITION
250 _aSECOND EDITION
260 _aALUVA
_bPEN BOOKS
_c2002
300 _a184
650 _aASTROLOGICAL NOTES
_zKERALA
942 _cBK
999 _c1172
_d1172